| 000 | 00000nam##2200000za#4500 |
| 001 | 9.612370 |
| 003 | CaOODSP |
| 005 | 20200401041339 |
| 007 | ta |
| 008 | 150406|1994||||xxc||||| f|0| 0 eng|d |
| 022 | |a0706-6457 |
| 040 | |aCaOODSP|beng |
| 043 | |an-cn--- |
| 086 | 1 |aFs97-6/1963E |
| 110 | 1 |aCanada. |bDepartment of Fisheries and Oceans. |
| 245 | 10|aDifferentiation of walleye (Stizostedion vitreum) stocks and comparison to their pond-reared stocks using morphological and genetic analyses / |cby J. G. Brown and W. G. Franzin. |
| 260 | |aOttawa - Ontario : |bFisheries and Oceans Canada |c1994. |
| 300 | |av, 27p. : |bgraphs, references, tables ; |c28 cm. |
| 490 | 1 |aCanadian technical report of fisheries and aquatic sciences|x0706-6457|v1963 |
| 500 | |aPrepared at the Central and Arctic Region, Department of Fisheries and Oceans, Winnipeg, Manitoba R3T 2N6. |
| 546 | |aRésumés en français |
| 563 | |aSoftcover |
| 720 | 1 |aFranzin, W.G. |
| 720 | 1 |aBrown, J.G. |
| 776 | 0#|tDifferentiation of walleye (Stizostedion vitreum) stocks and comparison to their pond-reared stocks using morphological and genetic analyses / |w(CaOODSP)9.573790 |
| 830 | #0|aCanadian technical report of fisheries and aquatic sciences,|x0706-6457|v1963|w(CaOODSP)9.514691 |